000 01056cam a2200301 a 4500
001 1876
003 FISKH
005 20231006113239.0
008 080331s2009 nyuab j b 001 0 eng
010 _a 2008014790
020 _a9780531213520
040 _aDLC
_cDLC
_dDLC
_beng
050 0 0 _aQC968.2
_b.S85 2009
082 0 0 _a551.55/4
_222
100 1 _aStiefel, Chana,
_d1968-
245 1 0 _aThunderstorms /
_cby Chana Stiefel.
260 _aNew York :
_bScholastic,
_c2009.
300 _a48 pages :
_bcolor illustrations ; map ;
_c22 cm.
490 1 _aA true book
505 0 _aO
520 _aLearn all about thunderstorms, tornadoes, waterspouts, and how to survive them , also includes some amazing facts.
521 8 _a620
_bLexile
521 8 _aO
_bRaz-Plus
650 0 _aThunderstorms
_vJuvenile literature.
906 _a7
_bcbc
_corignew
_d1
_eecip
_f20
_gy-gencatlg
942 _2ddc
_cBK
_n0
999 _c1876
_d1876